Top 10 Złotej Piłki France Football 2018 - Statystyki

Ogólne statystyki
  • Ten quiz został rozwiązany 39 razy
  • Średni wynik to 9 z 10
Statystyki odpowiedzi
Miejsce Narodowość Klub Zawodnik % Poprawnych
2 Portugalia Real Madryt/Juventus Cristiano Ronaldo
100%
5 Argentyna FC Barcelona Lionel Messi
100%
1 Chorwacja Real Madryt Luka Modrić
100%
4 Francja Paris Saint-Germain Kylian Mbappé
97%
6 Egipt Liverpool Mohamed Salah
95%
3 Francja Atletico Madryt Antoine Griezmann
84%
10 Anglia Tottenham Hotspur Harry Kane
82%
9 Belgia Manchester City Kevin De Bruyne
82%
8 Belgia Chelsea Londyn Eden Hazard
79%
7 Francja Real Madryt Raphael Varane
63%
Nie znaleziono quizów pasujących do podanych kryteriów
Rozkład punktacji
Procent ludzi z każdym wynikiem
Percentyl według liczby udzielonych odpowiedzi
Twoja historia wyników
Nie rozwiązałeś tego quizu